All lyrics to Just hold on {Louis Tomlinson} - Statistics

General Stats
  • This quiz has been taken 165 times
  • The average score is 205 of 256
Answer Stats
Hint Answer % Correct
a
99%
the
98%
do
97%
on
97%
on?
97%
it
96%
you
96%
and
95%
just
95%
[Pre-Chorus] what
95%
when
95%
hold
94%
darling
90%
go
90%
no
90%
who
90%
close
88%
again?
87%
be
87%
can
87%
book
86%
could
86%
ends?
86%
never
86%
read
86%
so
86%
where
86%
chapter
85%
see
85%
time
85%
goes
84%
if
84%
machine
84%
[Verse 1] Wish
84%
that
83%
all
82%
build
82%
your
82%
become
81%
down
81%
things
81%
up
81%
sun
80%
wrong
79%
one
78%
or
77%
back
76%
standing
76%
at
75%
comes
75%
edge
75%
like
75%
matter
75%
were
75%
done?
73%
you're
73%
story's
72%
looking
71%
wishing
70%
Feels
69%
stars
69%
world
68%
you'll
68%
them
66%
turns
63%
to
55%
[Verse 2] it's
54%
not
44%
want
43%
say
40%
gone?
39%
said
39%
over
38%
gave
37%
going
37%
been
36%
'till
36%
till
36%
oh-oh-oh
35%
[Post-Chorus] Oh-oh-oh
35%
dying
34%
kept
34%
breath
33%
No matching quizzes found
Score Distribution
Percent of People with Each Score
Percentile by Number Answered
Your Score History
You have not taken this quiz